Environmental science : Earth as a living planet (Record no. 8211)

000 -LEADER
fixed length control field 00399nam a22001457a 4500
003 - CONTROL NUMBER IDENTIFIER
control field OSt
005 - DATE AND TIME OF LATEST TRANSACTION
control field 20200813130758.0
008 - FIXED-LENGTH DATA ELEMENTS--GENERAL INFORMATION
fixed length control field 200813b ||||| |||| 00| 0 eng d
020 ## - INTERNATIONAL STANDARD BOOK NUMBER
International Standard Book Number 9780470414385
082 ## - DEWEY DECIMAL CLASSIFICATION NUMBER
Classification number 363.7
Item number BOT
100 ## - MAIN ENTRY--PERSONAL NAME
Personal name Botkin, Daniel B.; Keller, Edward A.,
Dates associated with a name 1942-
245 ## - TITLE STATEMENT
Title Environmental science : Earth as a living planet
260 ## - PUBLICATION, DISTRIBUTION, ETC. (IMPRINT)
Place of publication, distribution, etc Asia
Name of publisher, distributor, etc Wily publishing
Date of publication, distribution, etc 2010
942 ## - ADDED ENTRY ELEMENTS (KOHA)
Source of classification or shelving scheme
Holdings
Withdrawn status Lost status Source of classification or shelving scheme Damaged status Koha normalized classification for sorting Not for loan Permanent location Current location Date acquired Full call number Barcode Date last seen Price effective from Koha item type
        363_700000000000000_BOT   BMS College of Architecture, Design and Planning BMS College of Architecture, Design and Planning 2020-08-13 363.7 BOT AR-PG268 2020-08-13 2020-08-13 PG Books
Copyright © 2025, The Librarian, Library and Information Centre, BMSCA D&P, Bengaluru. All Rights Reserved
web counter

Powered by Koha